000 00905nam a2200229Ii 4500
003 JO-AjNU
008 230605s9999||||xx |||||||||||||| ||und||
017 _a2005/5/1050
020 _a978-9957-06-262-0
040 _aJO-AjNU
_bara
_erda
_cJO-AjNU
041 _aara
050 1 4 _aHD58.7.F34.2014
100 3 _aفليه، فاروق عبده، م مشارك محمد عبد المجيد,
_eauthor
_963183
245 0 0 _aالسلوك التنظيمي في ادارة المؤسسات التعليمية=Organizationl Behavior In Managing Educational Institutions
250 _aط3
264 3 1 _aعمان: دار المسيرة للنشر والتوزيع، 2014
300 _a392ص
336 _atext
_btxt
_2rdacontent
337 _aunmediated
_bn
_2rdamedia
338 _avolume
_bnc
_2rdacarrier
650 4 _aالمؤسسات التربوية-الادارة المدرسية-التربية
_963184
999 _aA28646
_c32214
_d32214